Mushrooms / (Record no. 18372)

000 -LEADER
fixed length control field 00556pam a2200181 a 4500
020 ## - INTERNATIONAL STANDARD BOOK NUMBER
ISBN 0865926239
040 ## - CATALOGING SOURCE
Transcribing agency DLC
082 ## - DEWEY DECIMAL CLASSIFICATION NUMBER
Classification number 635 ROU 1991 C143 Or.
100 1# - MAIN ENTRY--AUTHOR NAME
Personal name Cooper, Jason,
245 10 - TITLE STATEMENT
Title Mushrooms /
260 ## - PUBLICATION, DISTRIBUTION, ETC. (IMPRINT)
Place of publication Vero Beach, Fla. :
Name of publisher Rourke Enterprises,
Year of publication c1991.
300 ## - PHYSICAL DESCRIPTION
Number of Pages 24 p. :
Other physical details col. ill. ;
Dimensions 20 cm.
490 1# - SERIES STATEMENT
Series statement The Earth's garden
500 ## - GENERAL NOTE
General note Includes index.
520 ## - SUMMARY, ETC.
Summary, etc An introduction to the characteristics of mushrooms, how and where they grow, the different species, and their uses.
650 #0 - SUBJECT ADDED ENTRY--TOPICAL TERM
Topical Term Mushrooms
942 ## - ADDED ENTRY ELEMENTS (KOHA)
Koha item type ADB
952 ## - LOCATION AND ITEM INFORMATION (KOHA)
Withdrawn status [LOCAL, KOHA] 0
Holdings
Source of acquisition Permanent Location Date acquired Koha item type Lost status Shelving location Current Location Full call number
A39365Library Block C2019-11-05សៀវភៅភាសាអង់គ្លេស C143Library Block C635 ROU 1991 C143 Or.
មជ្ឈមណ្ឌលឯការនៃសាកលវិទ្យាល័យភូមិន្ទកសិកម្មចំការដូង

Powered by Koha